Guess the 1960s song lyrics #30 - Statistics

General Stats
  • This quiz has been taken 23 times
  • The average score is 120 of 209
Answer Stats
Answer % Correct
a
95%
A
95%
do
95%
I
95%
want
95%
you
95%
You
95%
to
90%
be
85%
is
85%
the
85%
your
85%
all
80%
All
80%
no
80%
what
80%
What
80%
on
75%
that
75%
have
70%
I'll
70%
of
65%
don't
60%
me
60%
ride
60%
Ride
60%
Sally
60%
baby
55%
now
55%
Now
55%
Oh
50%
oh
50%
wanna
50%
One
45%
one
45%
time
45%
yeah
45%
around
40%
more
40%
over
40%
been
35%
gonna
35%
said
35%
better
30%
down
30%
let
30%
Mustang
30%
these
30%
town
30%
woman
30%
running
25%
come
20%
Listen
20%
new
20%
put
20%
eyes
15%
guess
15%
Guess
15%
slow
15%
1965
10%
bought
10%
brand
10%
feet
10%
flat
10%
ground
10%
early
5%
Lord
5%
mornings
5%
signifying
5%
weeping
5%
wiping
5%
y'all
5%
huh
0%
No matching quizzes found
Score Distribution
Percent of People with Each Score
Percentile by Number Answered
Your Score History
You have not taken this quiz